Ochrana hospodárskej súťaže v podmienkach globalizácie diplomová práca

Salvato in:
Dettagli Bibliografici
Autore principale: Ivanová, Viktória
Ente Autore: Fakulta podnikového manažmentu EU. Katedra podnikovohospodárska
Altri autori: Zwiebová, Darina
Natura: Libro
Lingua:slovacco
Pubblicazione: Bratislava 2011
Tags: Aggiungi Tag
Nessun Tag, puoi essere il primo ad aggiungerne!!

MARC

LEADER 00000nbm a2200000 4500
001 0131288
005 20161109101654.8
041 0 |a slo 
044 |a SK 
245 1 0 |a Ochrana hospodárskej súťaže v podmienkach globalizácie  |b diplomová práca  |c Viktória Ivanová ; školiteľ: Darina Zwiebová 
264 1 |a Bratislava  |c 2011 
300 |a 78 s. 
100 1 |a Ivanová, Viktória 
700 1 |a Zwiebová, Darina 
710 2 |a Fakulta podnikového manažmentu EU. Katedra podnikovohospodárska